000 00326nam a22001457a 4500
008 11b ||||| |||| 00| 0 eng d
020 _a9780030976476
041 _aeng
080 _24th
_a330.322
082 _a330.322
100 _a51
101 _aINV
245 _aInvestements An Introduction
_cMayo,H.B
942 _2udc
_cBK
999 _c56293
_d56293